MARC

LEADER 00000nab a2200000 a 4500
001 vtls001026844
003 SK-MaSNL
005 20260304034553.0
008 040720e19890406xo 0 slo
035 |a SL5398 
040 |a SLLK  |b slo  |c SLLK  |e AACR2 
041 0 |a slo 
044 |a xo  |c SK 
080 |a 943.76  |2 1981 
245 0 0 |a Stopy po stredoveku  |b udalosti, ktoré zavial čas  |c [autor] (ar) 
650 0 7 |a osídľovanie  |2 SLLK  |9 31252 
650 0 7 |a zaniknuté obce  |2 SLLK  |9 109021 
650 0 7 |a dejiny miest  |2 SNKPH  |9 164833 
651 7 |a Dewazenhau (Slovensko : zaniknutá osada)  |2 SLLK  |9 1317524 
651 7 |a Gyenky (Slovensko : zaniknutá osada)  |2 SLLK  |9 1317525 
651 7 |a Peterovany (Slovensko)  |2 SLLK  |9 1317526 
651 7 |a Stephanihau (Slovensko : zaniknutá osada)  |2 SLLK  |9 1317527 
651 7 |a Stará Ľubovňa (Slovensko)  |2 snkbucl  |9 19193 
651 7 |a Krumlow (Slovensko : zaniknutá osada)  |2 SLLK  |9 1317528 
651 7 |a Podolínec (Slovensko)  |2 snkbucl  |9 19195 
773 0 8 |t Ľubovnianske noviny  |g Roč. 15, č.14, 6.4.1989, s. 3 
852 |a ZVYKNI  |b KIS3GCP 
999 |c 2653798  |d 2655728